| 000 | 00500nam a2200169Ia 4500 | ||
|---|---|---|---|
| 008 | 210210b1995 xxu||||| |||| 00| 0 eng d | ||
| 020 | _a0 333 60804 6 | ||
| 082 | _a820.9 PECV | ||
| 100 | _aPECK (John) | ||
| 245 | _aVictorian women poets:New casebooks ed by Joseph Bristow. | ||
| 260 |
_aLondon _bMacmillan Press Ltd _c1995 |
||
| 300 | _aix,256 | ||
| 650 | _aVictorian women Poets critical Essays New Case Books | ||
| 690 | _aEnglish Criticism | ||
| 700 | _aCOYLE (Martin). | ||
| 906 | _a056060 | ||
| 999 |
_c103597 _d103597 |
||